000
00354pab a2200157 454500
008
180718b2001 xxu||||| |||| 00| 0 eng d
100
_a
Deswal, K. Rajbir
245
_a
On the heels of social policing
260
_c
2001
300
_a
p.M-7
362
_a
5 Jul
650
_a
Police - India
650
_a
Police
773
_a
Pioneer
909
_a
50552
999
_c
50552
_d
50552